Artificial Intelligence and Machine Learning (Record no. 12433)

MARC details
000 -LEADER
fixed length control field 00363nam a22001457a 4500
003 - CONTROL NUMBER IDENTIFIER
control field OSt
008 - FIXED-LENGTH DATA ELEMENTS--GENERAL INFORMATION
fixed length control field 240410b |||||||| |||| 00| 0 eng d
020 ## - INTERNATIONAL STANDARD BOOK NUMBER
International Standard Book Number 9789390620098
082 ## - DEWEY DECIMAL CLASSIFICATION NUMBER
Classification number 006.33 DAA
100 ## - MAIN ENTRY--PERSONAL NAME
Personal name DAS,Lyla B
245 ## - TITLE STATEMENT
Title Artificial Intelligence and Machine Learning
260 ## - PUBLICATION, DISTRIBUTION, ETC. (IMPRINT)
Place of publication, distribution, etc New Delhi
Name of publisher, distributor, etc IK International
Date of publication, distribution, etc 2023
300 ## - PHYSICAL DESCRIPTION
Extent 551
942 ## - ADDED ENTRY ELEMENTS (KOHA)
Source of classification or shelving scheme Dewey Decimal Classification
Koha item type Text Books
Holdings
Withdrawn status Lost status Source of classification or shelving scheme Damaged status Not for loan Collection code Home library Current library Date acquired Source of acquisition Currency Cost, normal purchase price Bill Number Total Checkouts Full call number Acc. no. / Barcode Date last seen Actual Cost, discounted price Bill Date Koha item type Date last borrowed Checked out
    Dewey Decimal Classification     Computer Science and Engineering in AI & Machine Learning PIET C-LIBRARY PIET C-LIBRARY 23/03/2024 Zafaa Books and Distributors In rupees 695.00 ZBD0435   006.33 DAA 35906 10/04/2024 465.65 23/03/2024 Reference Books    
    Dewey Decimal Classification     Computer Science and Engineering in AI & Machine Learning PIET C-LIBRARY PIET C-LIBRARY 23/03/2024 Zafaa Books and Distributors In rupees 695.00 ZBD0435 1 006.33 DAA 35907 09/06/2025 465.65 23/03/2024 Text Books 21/05/2025  
    Dewey Decimal Classification     Computer Science and Engineering in AI & Machine Learning PIET C-LIBRARY PIET C-LIBRARY 23/03/2024 Zafaa Books and Distributors In rupees 695.00 ZBD0435   006.33 DAA 35908 10/04/2024 465.65 23/03/2024 Text Books    
    Dewey Decimal Classification     Computer Science and Engineering in AI & Machine Learning PIET C-LIBRARY PIET C-LIBRARY 23/03/2024 Zafaa Books and Distributors In rupees 695.00 ZBD0435 1 006.33 DAA 35909 05/07/2024 465.65 23/03/2024 Text Books 05/07/2024 21/01/2025
    Dewey Decimal Classification     Computer Science and Engineering in AI & Machine Learning PIET C-LIBRARY PIET C-LIBRARY 23/03/2024 Zafaa Books and Distributors In rupees 695.00 ZBD0435 1 006.33 DAA 35910 15/05/2026 465.65 23/03/2024 Text Books 05/07/2024  

Design & Developed by: PIET Central Library
R70 Miles Stone Pattikalyana Samalkha Panipat 132102
mail ID :- [email protected], Phone No:- 0180-2569700 Ex.216